000 01426nam0a22003131 4500
001 rc\3682303
005 20260406094920.0
021 _aRU
_b[69-46216]
035 _a(NLR Aleph) 007846506
090 _a9837798
_c9837798
100 _a20130115d1969 u y0rusy50 ca
101 0 _arus
102 _aRU
105 _aa z |||||
200 1 _aПрименение вычислительной техники и математических методов в лесном хозяйстве
_e(Обзор)
_fГос. ком. лесного хоз-ва Совета Министров СССР. ЦБНТИ лесного хоз-ва
210 _aМосква
_cБ. и.
_d1969
215 _a51 с.
_cил.
_d20
300 _aПеред загл. авт.: А.Г. Мошкалев, А.А. Смирнова, Г.Н. Коровин. На обл. авт. не указаны
320 _aБиблиогр.: с. 49-50
606 _aЛесное хозяйство
_xМатематические методы
_2psbo
700 1 _aМошкалев
_bА.Г.
_gАлександр Георгиевич
701 1 _7ca
_8rus
_aСмирнова
_bА. А.
_cинженер, лесное хоз-во
_gАда Александровна
_3RU\NLR\AUTH\770287312
_92688509
701 1 _aКоровин
_bГ.Н.
801 0 _aRU
_bNLR
_gpsbo
801 1 _aRU
_bELAR
_2rusmarc
852 _aNLR
_j69-4/12166
942 _cBOOK
980 _aNB